000 00527nam a22001697a 4500
003 SISC
005 20170606130357.0
008 170606b xxu||||| |||| 00| 0 eng d
020 _a9789719654025
050 _aTX 724.5.P6
_b.R33 2015
100 _aJavier-Reyes, Ruth Estrada.
245 _aCulinary arts /
_cRuth Estrada Javier-Reyes.
260 _aManila :
_bUnlimited books,
_c2015.
300 _aviii,238 pages :
_billustrations ;
_c24 cm.
500 _aIncludes bibliographical references and glossary.
942 _2lcc
_cBK
999 _c335205
_d335205